00443nam a2200157 a 450000100080000000500110000800800410001910000170006024500870007726000300016430000090019465300280020365300160023165300160024770000220026311182622011-05-19 1993 bl uuuu u0uu1 u #d1 aVEIGA, M. da aMetodologia para instalacao e conducao de experimentos de perda de solo e de agua. aChapeco, SC: Epagric1993 as.p. aInstalacao metodologica aMedotologia aSolo e agua1 aWILDNER, L. do P.